Top 5 Biggest Cities in Spain - Statistics

General Stats
  • This quiz has been taken 19 times
  • The average score is 4 of 5
Answer Stats
Population City % Correct
3,277,451 Madrid
100%
1,672,559 Barcelona
95%
684,340 Seville
95%
788,842 Valencia
89%
681,430 Zaragoza
53%
No matching quizzes found
Score Distribution
Percent of People with Each Score
Percentile by Number Answered
Your Score History
You have not taken this quiz